Trần Đình Hượu tuyển tập T.2 Những vấn đề lịch sử văn học
Tập hợp những bài nghiên cứu bàn về một số hiện tượng trong lịch sử văn học từ góc độ ảnh hưởng của Nho giáo với văn học Việt Nam Trung cận đại và trong giai đoạn giao thời 1900 - 1930.
Zapisane w:
| 1. autor: | |
|---|---|
| Kolejni autorzy: | |
| Format: | Książka |
| Język: | Vietnamese |
| Wydane: |
H.
Giáo dục
2007
|
| Hasła przedmiotowe: | |
| Etykiety: |
Dodaj etykietę
Nie ma etykietki, Dołącz pierwszą etykiete!
|
| Thư viện lưu trữ: | Mạng thư viện Đại học Đà Nẵng |
|---|
| LEADER | 01844aam a22004218a 4500 | ||
|---|---|---|---|
| 001 | 000018238 | ||
| 003 | 14665 | ||
| 005 | 20131004161004.0 | ||
| 008 | 130925s2007 viesd | ||
| 020 | |c 167000đ |d 1000b | ||
| 041 | 0 | |a vie | |
| 082 | 1 | 4 | |2 14 |a 895.92209 |b TR-H |
| 084 | |a V5(1)-33 |b TR121Đ | ||
| 100 | 1 | |a Trần Đình Hượu |d 1927-1995 | |
| 245 | 1 | 0 | |a Trần Đình Hượu tuyển tập |c Trần Ngọc Vương giới thiệu, tuyển chọn |n T.2 |p Những vấn đề lịch sử văn học |
| 260 | |a H. |b Giáo dục |c 2007 | ||
| 300 | |a 761 tr., 2 tr. ảnh |c 24 cm. | ||
| 520 | |a Tập hợp những bài nghiên cứu bàn về một số hiện tượng trong lịch sử văn học từ góc độ ảnh hưởng của Nho giáo với văn học Việt Nam Trung cận đại và trong giai đoạn giao thời 1900 - 1930. | ||
| 650 | 0 | 4 | |2 Bộ TK TVQG |a Văn học hiện đại |x Nghiên cứu văn học |
| 650 | 0 | 4 | |2 Bộ TK TVQG |a Văn học Việt Nam |x Trần Đình Hượu |x Lịch sử |
| 650 | 7 | |2 Bộ TK TVQG | |
| 650 | 7 | |2 Bộ TK TVQG | |
| 651 | 7 | |2 Bộ TK TVQG |a Việt Nam | |
| 653 | |a Văn học hiện đại | ||
| 653 | |a Lịch sử văn học | ||
| 653 | |a Trần Đình Hượu | ||
| 700 | 1 | |a Trần Ngọc Vương |e giới thiệu, tuyển chọn | |
| 773 | |d Giáo dục |d H. |d 2007 |t Trần Đình Hượu tuyển tập |w 14663 | ||
| OWN | |a LSP | ||
| AVA | |a UDN50 |b LSP |d 895.92209 TR-H |e available |t Error 5001 Not defined in file expand_doc_bib_avail. |f 5 |g 0 |h N |i 1 |k 1 | ||
| 999 | |a From the UDN01 | ||
| AVA | |a UDN50 |b LSP |d 895.92209 TR-H |e available |t Error 5001 Not defined in file expand_doc_bib_avail. |f 5 |g 0 |h N |i 1 |k 1 | ||
| TYP | |a Monograph | ||
| TYP | |a Printed language | ||
| 980 | |a Mạng thư viện Đại học Đà Nẵng | ||